Nazwij pasujące afrykańskie państwo - Statystyki

Ogólne statystyki
  • Ten quiz został rozwiązany 17 535 razy
  • Średni wynik to 12 z 17
Statystyki odpowiedzi
Nazwij afrykańskie państwo... Państwo % Poprawnych
które leży nad Morzem Śródziemnym: Algieria | Egipt | Libia | Maroko | Tunezja
99%
w którym żyje ponad 100 milionów osób: Demokratyczna Republika Konga | Egipt | Etiopia | Nigeria
98%
które jest państwem wyspiarskim: Komory | Madagaskar | Mauritius | Republika Zielonego Przylądka | Seszele | Wyspy Świętego Tomasza i Książeca
96%
które ma dokładnie 4 litery w swojej nazwie: Czad | Mali | Togo
90%
w którym oczekiwana długość życia wynosi ponad 70 lat: Algieria | Egipt | Libia | Mauritius | Maroko | Republika Zielonego Przylądka | Seszele | Tunezja
84%
które leży nad Jeziorem Wiktorii: Kenia | Tanzania | Uganda
79%
którego linia brzegowa ma co najmniej 2500km: Madagaskar | Mozambik | Egipt | Republika Południowej Afryki | Maroko
79%
którego nazwa zawiera literę "w": Botswana | Eswatini | Gwinea | Gwinea Bissau | Gwinea Równikowa | Malawi | Południowa Afryka | Republika Środkowoafrykańska | Rwanda | Sudan Południowy | Wybrzeże Kości Słoniowej | Wyspy Świętego Tomasza i Książęca | Zimbabwe
78%
które używa portugalskiego jako swojego języka urzędowego: Angola | Gwinea Równikowa | Gwinea Bissau | Mozambik | Republika Zielonego Przylądka | Wyspy Świętego Tomasza i Książeca
67%
które jest częścią Rogu Afryki: Dżibuti | Erytrea | Etiopia | Somalia
67%
w którego granicach znajduje się część Kalahari: Botswana | Namibia | Południowa Afryka
59%
którego ponad 60% powierzchni zajmuje las: Seszele | Gabon | Mozambik | Kongo | Zimbabwe
55%
które jest monarchią: Eswatini | Lesotho | Maroko
54%
które było niepodległym państwem w 1900 roku: Etiopia | Liberia | Maroko
54%
którego najniższy punkt leży wyżej niż 500m n.p.m.: Botswana | Burundi | Lesotho | Rwanda | Uganda
51%
które ma wyższy dochód (PPP) na osobę niż Południowa Afryka: Botswana | Gabon | Gwinea Równikowa | Libia | Mauritius | Seszele
41%
którego stolica kończy się na literę "o": Benin | Mali | Mozambik | Wybrzeże Kości Słoniowej
24%
Nie znaleziono quizów pasujących do podanych kryteriów
Rozkład punktacji
Procent ludzi z każdym wynikiem
Percentyl według liczby udzielonych odpowiedzi
Twoja historia wyników
Nie rozwiązałeś tego quizu